Top 15 Most Populous Countries in North America - Statistics

General Stats
  • This quiz has been taken 49 times
  • The average score is 14 of 15
Answer Stats
Rank Population Country % Correct
3 38.2 mil Canada
100%
6 11.3 mil Cuba
100%
4 18.4 mil Guatemala
100%
2 131 mil Mexico
100%
1 336 mil United States
100%
5 11.6 mil Haiti
98%
13 2.98 mil Jamaica
98%
9 6.75 mil Nicaragua
98%
12 4.42 mil Panama
95%
15 409 K Belize
93%
11 5.17 mil Costa Rica
93%
8 10.1 mil Honduras
93%
10 6.53 mil El Salvador
90%
7 11.0 mil Dominican Republic
88%
14 1.40 mil Trinidad and Tobago
76%
No matching quizzes found
Score Distribution
Percent of People with Each Score
Percentile by Number Answered
Your Score History
You have not taken this quiz